[Event "4NCL-9899B BR2-BCCA"]
[Site "Rd8-Birmingham"]
[Date "1999.03.21"]
[Round "8.3"]
[White "Easton, Alex"]
[Black "Hall, RVM."]
[Result "1/2-1/2"]
[WhiteElo "2160"]
[BlackElo "2120"]
[PlyCount "48"]
[EventDate "1999.03.21"]

1. Nf3 f5 2. d4 Nf6 3. g3 e6 4. Bg2 Be7 5. O-O O-O 6. c4 d6 7. Nc3 Qe8 8. Re1
Ne4 9. Qc2 Qg6 10. Nd2 Nxc3 11. Qxc3 Bf6 12. e3 e5 13. c5 exd4 14. exd4 dxc5
15. Qxc5 c6 16. Nf3 Nd7 17. Qc4+ Qf7 18. Qxf7+ Kxf7 19. Bf4 Nb6 20. Bd6 Rd8 21.
Bc7 Rd7 22. Be5 Rd8 23. Bc7 Rd7 24. Be5 Rd8 1/2-1/2

[Event "4NCL-9899B BR2-BCCA"]
[Site "Rd8-Birmingham"]
[Date "1999.03.21"]
[Round "8.4"]
[White "Donnelly, MJ."]
[Black "Buckley, Simon"]
[Result "1/2-1/2"]
[WhiteElo "2064"]
[BlackElo "2144"]
[PlyCount "57"]
[EventDate "1999.03.21"]

1. Nf3 Nf6 2. g3 g6 3. Bg2 Bg7 4. O-O O-O 5. c4 d6 6. d4 Nbd7 7. Nc3 e5 8. e4
exd4 9. Nxd4 a6 10. h3 Rb8 11. Re1 Re8 12. Rb1 Ne5 13. b3 c5 14. Nc2 Qc7 15.
Bb2 b5 16. f4 Ned7 17. Ne3 Nf8 18. Ncd5 Nxd5 19. Nxd5 Qd8 20. Bxg7 Kxg7 21.
cxb5 axb5 22. Qf3 Bb7 23. Qc3+ f6 24. Rbd1 b4 25. Qb2 Bxd5 26. Rxd5 Qb6 27. Kh2
Ne6 28. e5 Nd4 29. Qf2 1/2-1/2

[Event "4NCL-9899B BR2-BCCA"]
[Site "Rd8-Birmingham"]
[Date "1999.03.21"]
[Round "8.5"]
[White "Dilleigh, Stephen"]
[Black "Phillips, David A"]
[Result "1/2-1/2"]
[WhiteElo "2215"]
[BlackElo "2000"]
[PlyCount "35"]
[EventDate "1999.03.21"]

1. d4 Nf6 2. c4 g6 3. Nc3 d5 4. Nf3 Bg7 5. cxd5 Nxd5 6. e4 Nxc3 7. bxc3 c5 8.
Rb1 Nc6 9. d5 Ne5 10. Nxe5 Bxe5 11. Qd2 O-O 12. f4 Bg7 13. Be2 Qa5 14. Rb3 Bd7
15. c4 Qxd2+ 16. Bxd2 Ba4 17. Rg3 b5 18. cxb5 1/2-1/2

[Event "4NCL-9899B BR2-BCCA"]
[Site "Rd8-Birmingham"]
[Date "1999.03.21"]
[Round "8.6"]
[White "Brotherton, T."]
[Black "Hanley, Craig"]
[Result "1/2-1/2"]
[WhiteElo "1952"]
[BlackElo "2110"]
[PlyCount "82"]
[EventDate "1999.03.21"]

1. Nf3 g6 2. c4 Bg7 3. Nc3 e5 4. g3 Nc6 5. Bg2 Nge7 6. d3 O-O 7. O-O f5 8. Bd2
h6 9. Qc1 Kh7 10. Rb1 d6 11. b4 Nd4 12. Nxd4 exd4 13. Nd5 c6 14. Nxe7 Qxe7 15.
e3 g5 16. b5 c5 17. a4 Be6 18. f4 gxf4 19. exf4 Qf7 20. a5 Rac8 21. Re1 Rfe8
22. Qd1 d5 23. Rxe6 Qxe6 24. Bxd5 Qd7 25. Qf3 Re7 26. Re1 Rce8 27. Rxe7 Rxe7
28. Kf1 Kg6 29. h3 h5 30. Qd1 Bf6 31. Bf3 Rh7 32. Qe2 b6 33. a6 Qe7 34. Qg2 Kf7
35. Bc6 Qd6 36. Bd5+ Ke7 37. Qe2+ Kd7 38. Bc6+ Kc7 39. Bg2 Kd7 40. Qf3 Ke6 {
(Draw offer)} 41. Qa8 Bd8 1/2-1/2

[Event "4NCL-9899B BR2-BCCA"]
[Site "Rd8-Birmingham"]
[Date "1999.03.21"]
[Round "8.7"]
[White "Buckley, David"]
[Black "Soszynski, Marek"]
[Result "1-0"]
[WhiteElo "2143"]
[BlackElo "1680"]
[PlyCount "125"]
[EventDate "1999.03.21"]

1. e4 Nc6 2. d4 d5 3. Nc3 dxe4 4. d5 Ne5 5. Bf4 Ng6 6. Bg3 a6 7. h4 h5 8. Nxe4
Nf6 9. Nxf6+ exf6 10. Be2 Bd6 11. Bxd6 Qxd6 12. Qd2 Bd7 13. O-O-O Ne5 14. Qe3
Kf8 15. Nh3 Re8 16. Qd4 c5 17. dxc6 Qxd4 18. Rxd4 Bxc6 19. Rg1 Ke7 20. Nf4 Rd8
21. Rxd8 Rxd8 22. Nxh5 g6 23. Nf4 g5 24. hxg5 fxg5 25. Nd3 Kf6 26. Nb4 Be4 27.
f3 Bg6 28. c4 Nxc4 29. Bxc4 Rc8 30. b3 b5 31. Kb2 bxc4 32. Rc1 a5 33. Nd5+ Ke6
34. Nb6 Rb8 35. Re1+ Kf5 36. Nxc4 a4 37. g3 Kf6 38. Kc3 axb3 39. axb3 Bf5 40.
Nd6 Be6 41. Ne4+ Kg6 42. b4 Rc8+ 43. Nc5 Bd5 44. Re3 f5 45. Rd3 Ba8 46. Kc4 f4
47. g4 Kf6 48. b5 Ke7 49. b6 Bc6 50. b7 Rb8 51. Rb3 Ke8 52. Kd4 Kf7 53. Ke5 Rd8
54. Rb6 Rd5+ 55. Ke4 Rxc5+ 56. Kd4 Rd5+ 57. Kc4 Bxb7 58. Rxb7+ Ke6 59. Re7+
Kxe7 60. Kxd5 Kf6 61. Kd6 Kg7 62. Ke7 Kg6 63. Ke6 1-0

[Event "4NCL-9899B BR2-BCCA"]
[Site "Rd8-Birmingham"]
[Date "1999.03.21"]
[Round "8.8"]
[White "Walker, Heather"]
[Black "Tidman, Sophie"]
[Result "0-1"]
[WhiteElo "1288"]
[BlackElo "1752"]
[PlyCount "80"]
[EventDate "1999.03.21"]

1. e4 e6 2. d4 d5 3. exd5 exd5 4. c4 c6 5. Nc3 Nf6 6. Nf3 Bd6 7. c5 Bc7 8. b4
Bd7 9. Be2 b6 10. O-O a5 11. b5 O-O 12. Bg5 h6 13. Bh4 Bg4 14. Ne5 Bxe2 15.
Qxe2 bxc5 16. Ng4 Qd6 17. Nxf6+ gxf6 18. Qg4+ Kh7 19. Bg3 Qd8 20. dxc5 Rg8 21.
Qf5+ Rg6 22. Bxc7 Qxc7 23. bxc6 d4 24. Nd5 Qe5 25. Qxe5 fxe5 26. Nb6 Ra7 27.
Nd7 Nxd7 28. cxd7 Rxd7 29. Rfe1 Re6 30. f3 Rd5 31. Rac1 Rc6 32. Red1 Rdxc5 33.
Rb1 Kg6 34. Kf2 Rc2+ 35. Kg3 Rxa2 36. Rb5 f6 37. f4 Rc3+ 38. Kg4 Rxg2+ 39. Kh4
Rxh2+ 40. Kg4 h5# 0-1

[Event "4NCL-9899B COU-KH"]
[Site "Rd8-Birmingham"]
[Date "1999.03.21"]
[Round "8.1"]
[White "Pigott, John"]
[Black "Thomas, Richard H"]
[Result "1/2-1/2"]
[WhiteElo "2372"]
[BlackElo "2295"]
[PlyCount "23"]
[EventDate "1999.03.21"]

1. d4 Nf6 2. c4 e6 3. g3 d5 4. Bg2 dxc4 5. Nf3 c5 6. Qa4+ Bd7 7. Qxc4 Bc6 8.
O-O Nbd7 9. Nc3 Rc8 10. Be3 cxd4 11. Qxd4 Bc5 12. Qf4 1/2-1/2

[Event "4NCL-9899B COU-KH"]
[Site "Rd8-Birmingham"]
[Date "1999.03.21"]
[Round "8.2"]
[White "McMichael, Rick"]
[Black "Wall, Tim"]
[Result "1/2-1/2"]
[WhiteElo "2255"]
[BlackElo "2367"]
[PlyCount "103"]
[EventDate "1999.03.21"]

1. b3 Nf6 2. Bb2 e6 3. e3 c5 4. f4 b6 5. Nf3 Bb7 6. Bd3 Be7 7. O-O Nc6 8. Nc3
a6 9. a3 Qc7 10. Ne2 h6 11. e4 g5 12. e5 Nd5 13. Be4 Nxf4 14. Nxf4 gxf4 15. Kh1
O-O-O 16. d4 cxd4 17. Qd2 Rhg8 18. Nxd4 Nxe5 19. Bxb7+ Qxb7 20. Nf5 d6 21.
Nxe7+ Qxe7 22. Rxf4 Kb7 23. a4 Ka8 24. Qf2 f5 25. Re1 Qb7 26. h3 Nd7 27. Rxe6
Nc5 28. Re3 Ne4 29. Qe1 Qc7 30. c4 d5 31. Rff3 d4 32. Rd3 Qg7 33. Qf1 Qe5 34.
Bc1 Ng3+ 35. Rxg3 Rxg3 36. Bf4 Qxf4 37. Qxf4 Rxd3 38. Qxh6 Rxb3 39. Qf6 Rd7 40.
Qxf5 Rc7 41. Qd5+ Ka7 42. Qxd4 a5 43. Qd6 Kb8 {(Draw offer)} 44. h4 Rb4 45. h5
Kb7 46. Qd5+ Ka7 47. h6 {(Draw offer)} Rbxc4 48. Qh5 R4c5 49. Qh4 Rc4 50. Qh5
R4c5 51. Qh4 Rc4 52. Qh5 1/2-1/2

[Event "4NCL-9899B COU-KH"]
[Site "Rd8-Birmingham"]
[Date "1999.03.21"]
[Round "8.4"]
[White "Okike, David"]
[Black "Harley, Andrew"]
[Result "1-0"]
[WhiteElo "2145"]
[BlackElo "2305"]
[PlyCount "123"]
[EventDate "1999.03.21"]

1. e4 c5 2. Nf3 Nc6 3. d4 cxd4 4. Nxd4 Nf6 5. Nc3 e5 6. Ndb5 d6 7. Bg5 a6 8.
Na3 b5 9. Bxf6 gxf6 10. Nd5 f5 11. exf5 Bxf5 12. c3 Bg7 13. Nc2 O-O 14. Nce3
Be6 15. a4 Ne7 16. axb5 Nxd5 17. Nxd5 axb5 18. Rb1 Rb8 19. Be2 f5 20. O-O f4
21. Bg4 Bf7 22. Bf5 Qg5 23. Be4 Bh5 24. f3 Kh8 25. Ra1 Rf7 26. Rf2 Bf8 27. Ra5
Rg7 28. Qe2 Be8 29. b4 Qd8 30. Rf1 Bc6 31. Rfa1 Qc8 32. R1a3 Be7 33. Ra7 Bd8
34. Rxg7 Kxg7 35. Qa2 Ra8 36. Kf1 Rxa3 37. Qxa3 Qb7 38. Qa2 Qa8 39. Qxa8 Bxa8
40. Ke2 h6 41. Kd3 Kf7 42. c4 Bc6 43. Nc3 bxc4+ 44. Kxc4 Be8 45. Nd5 Ke6 46. b5
Ba5 47. h4 h5 48. Bc2 Bd8 49. Ba4 Bf7 50. b6 Kf5 51. b7 Bc7 52. Bc2+ e4 53. Kd4
Bb8 54. Bxe4+ Ke6 55. Nxf4+ Kd7 56. Bd5 Ba7+ 57. Ke4 Bxd5+ 58. Kxd5 Kc7 59.
Nxh5 Bc5 60. Nf6 Kxb7 61. h5 Be3 62. Kxd6 1-0

[Event "4NCL-9899B COU-KH"]
[Site "Rd8-Birmingham"]
[Date "1999.03.21"]
[Round "8.5"]
[White "Swanson, Stephen"]
[Black "Suzuki, Layla"]
[Result "1-0"]
[WhiteElo "2260"]
[BlackElo "1088"]
[PlyCount "27"]
[EventDate "1999.03.21"]

1. e4 e5 2. Nc3 Nf6 3. f4 d6 4. Nf3 Nc6 5. Bb5 Bd7 6. d3 exf4 7. Bxf4 h6 8. Qd2
Qe7 9. O-O O-O-O 10. Rae1 g5 11. Nd5 Qe6 12. Bxc6 Bxc6 13. Nd4 Qg4 14. Nxf6 1-0

[Event "4NCL-9899B COU-KH"]
[Site "Rd8-Birmingham"]
[Date "1999.03.21"]
[Round "8.6"]
[White "Mackenzie, Colin"]
[Black "Rosen, Daniel"]
[Result "1/2-1/2"]
[WhiteElo "2125"]
[BlackElo "2228"]
[PlyCount "105"]
[EventDate "1999.03.21"]

1. Nf3 f5 2. c4 Nf6 3. g3 e6 4. Bg2 Be7 5. O-O O-O 6. Nc3 d5 7. d3 c6 8. Qc2
Bd7 9. cxd5 cxd5 10. e4 Nc6 11. exd5 exd5 12. a3 Kh8 13. b4 Rc8 14. Qb3 Be6 15.
Ne2 Bg8 16. Ned4 Ng4 17. Bb2 Nge5 18. Rac1 Nxf3+ 19. Bxf3 f4 20. Nxc6 Rxc6 21.
Rxc6 bxc6 22. Bd4 a5 23. Qc3 Bf6 24. Bxf6 Rxf6 25. bxa5 Qf8 26. d4 Be6 27. Bg2
f3 28. Bh1 g5 29. Re1 g4 30. Qxc6 Bg8 31. Qd7 h5 32. h3 Rd6 33. Qe7 Qxe7 34.
Rxe7 Be6 35. Kf1 Kg8 36. Ke1 Kf8 37. Rc7 Ra6 38. Rc5 Ke7 39. Kd2 Kd6 40. Ke3
Ra8 41. Kf4 Rf8+ 42. Kg5 Rf5+ 43. Kh4 Rf8 44. a6 Ra8 45. Kxh5 Rh8+ 46. Kg5 Rxh3
47. a7 Rh8 48. Ra5 Ra8 49. Ra6+ Ke7 50. Kf4 Rf8+ 51. Ke3 Ra8 52. Kf4 Rf8+ 53.
Ke3 1/2-1/2

[Event "4NCL-9899B COU-KH"]
[Site "Rd8-Birmingham"]
[Date "1999.03.21"]
[Round "8.7"]
[White "Ledger, David"]
[Black "Pearce, Robin"]
[Result "1/2-1/2"]
[WhiteElo "2208"]
[BlackElo "2170"]
[PlyCount "65"]
[EventDate "1999.03.21"]

1. e4 c5 2. Nc3 e6 3. g3 Nc6 4. Bg2 a6 5. d3 d6 6. f4 Be7 7. Nf3 Nf6 8. O-O O-O
9. h3 Qc7 10. g4 b5 11. f5 h6 12. g5 hxg5 13. Bxg5 b4 14. Ne2 exf5 15. Nh4 Nh5
16. Bxe7 Nxe7 17. Nxf5 Nxf5 18. exf5 Bb7 {(Draw offer)} 19. Nf4 Nxf4 20. Rxf4
Bxg2 21. Kxg2 Rfe8 22. Qh5 Qe7 23. Raf1 Qe2+ 24. Qxe2 Rxe2+ 25. R1f2 Rae8 26.
d4 R8e4 27. Rxe4 Rxe4 28. dxc5 dxc5 29. Kf3 Rd4 30. Ke3 Kf8 31. Rg2 Rc4 32. Kd3
Rd4+ 33. Ke3 1/2-1/2

[Event "4NCL-9899B COU-KH"]
[Site "Rd8-Birmingham"]
[Date "1999.03.21"]
[Round "8.8"]
[White "Chalk, Selena"]
[Black "Turvey, Syringa"]
[Result "0-1"]
[WhiteElo "1512"]
[BlackElo "1568"]
[PlyCount "76"]
[EventDate "1999.03.21"]

1. d4 Nf6 2. Nf3 c5 3. d5 b5 4. Bf4 d6 5. e3 Qb6 6. Qd3 Ba6 7. Qd1 b4 8. Bxa6
Qxa6 9. c3 Nbd7 10. cxb4 cxb4 11. Qd4 Nc5 12. e4 Nd3+ 13. Kd1 Nxf4 14. Qd2 Nxe4
15. Qe3 Qd3+ 16. Nbd2 Qxe3 17. fxe3 Nxd2 18. Kxd2 Nxd5 19. Rac1 Kd7 20. Rc4 g6
21. Rd4 Nb6 22. Ne5+ Ke6 23. Nc6 Bg7 24. Rxb4 Rhc8 25. Na5 Rc5 26. Nb7 Rc7 27.
Na5 Rac8 28. Kd3 Rc5 29. Nb7 Rd5+ 30. Ke4 f5+ 31. Kf3 Rb8 32. e4 fxe4+ 33.
Rxe4+ Kd7 34. Rhe1 Rf8+ 35. Kg4 h5+ 36. Kh3 Rd3+ 37. g3 e5 38. Rc1 Nd5 0-1

[Event "4NCL-9899B GUI-WIT"]
[Site "Rd8-Birmingham"]
[Date "1999.03.21"]
[Round "8.1"]
[White "Kinsman, Andrew"]
[Black "Hunt, Adam"]
[Result "1-0"]
[WhiteElo "2369"]
[BlackElo "2297"]
[PlyCount "99"]
[EventDate "1999.03.21"]

1. d4 Nf6 2. c4 g6 3. Nc3 Bg7 4. e4 d6 5. Be2 O-O 6. Bg5 Nbd7 7. Qd2 e5 8. d5
a5 9. f3 Nc5 10. g4 c6 11. Nh3 cxd5 12. cxd5 Bd7 13. Nf2 Rb8 14. h4 b5 15. h5
Re8 16. Kf1 Qb6 17. Kg2 b4 18. Ncd1 Bb5 19. hxg6 fxg6 20. Ne3 b3 21. a3 Ncd7
22. Bxb5 Qxb5 23. Rac1 Rbc8 24. Rc3 Nb6 25. Rhc1 Nfd7 26. Qd3 Qa4 27. Rc6 h6
28. Bh4 Bf8 29. Nfd1 Rxc6 30. Rxc6 Nc5 31. Qe2 Qd4 32. Be1 Nd3 33. Kf1 Nxe1 34.
Kxe1 Be7 35. Qd2 Qxd2+ 36. Kxd2 Rb8 37. Kd3 a4 38. Nc3 Bg5 39. Nc4 Nxc4 40.
Kxc4 Rf8 41. Rxd6 Rxf3 42. Nxa4 Rf4 43. Nc5 Be7 44. Rxg6+ Kf7 45. Rxh6 Bxc5 46.
Kxc5 Rf2 47. Rb6 Rxb2 48. Kd6 Kf6 49. g5+ Kxg5 50. Kxe5 1-0

[Event "4NCL-9899B GUI-WIT"]
[Site "Rd8-Birmingham"]
[Date "1999.03.21"]
[Round "8.2"]
[White "Cooksey, Paul"]
[Black "Povah, Nigel"]
[Result "0-1"]
[WhiteElo "2220"]
[BlackElo "2325"]
[PlyCount "32"]
[EventDate "1999.03.21"]

1. e4 d5 2. exd5 Nf6 3. d4 Bg4 4. Nf3 Qxd5 5. Be2 Nc6 6. c3 O-O-O 7. h3 Bxf3 8.
Bxf3 Qd7 9. Qb3 e6 10. O-O Rg8 11. Bg5 h6 12. Bxf6 gxf6 13. Nd2 e5 14. d5 Na5
15. Qd1 Qxh3 16. g3 Rxg3+ 0-1

[Event "4NCL-9899B GUI-WIT"]
[Site "Rd8-Birmingham"]
[Date "1999.03.21"]
[Round "8.3"]
[White "Anderton, Matthew"]
[Black "Headlong, Tim"]
[Result "1-0"]
[WhiteElo "2273"]
[BlackElo "2270"]
[PlyCount "119"]
[EventDate "1999.03.21"]

1. e4 c5 2. c3 d5 3. exd5 Qxd5 4. d4 Nf6 5. Nf3 Bg4 6. Be2 e6 7. h3 Bh5 8. O-O
Nc6 9. Be3 cxd4 10. Nxd4 Bxe2 11. Qxe2 Nxd4 12. Bxd4 Be7 13. Rd1 Qc6 14. Nd2
O-O 15. Nf3 Rfd8 16. Rd3 b5 17. Re1 Qc7 18. Ng5 Qc6 19. Rg3 Rd5 20. Qf3 Qe8 21.
Nxe6 fxe6 22. Bxf6 Bxf6 23. Qxf6 Qf7 24. Qxe6 Qxe6 25. Rxe6 Rd1+ 26. Kh2 Rd2
27. Re7 g6 28. Rf3 Rf8 29. Rxf8+ Kxf8 30. Rxh7 Rxf2 31. Rxa7 Rxb2 32. Rb7 Rxa2
33. Rxb5 Kg7 34. Kg3 Rc2 35. Rc5 Kf6 36. Kf3 Ke6 37. Rc6+ Kf7 38. h4 Kg7 39. g3
Rc1 40. Kg4 Rg1 41. Kf4 Rf1+ 42. Kg5 Rf5+ 43. Kg4 Kf7 44. Rc4 Kg7 45. Rf4 Ra5
46. c4 Ra1 47. Kf3 Ra3+ 48. Ke4 Rxg3 49. Kd5 g5 50. hxg5 Rxg5+ 51. Kc6 Rg1 52.
c5 Rc1 53. Kb6 Rb1+ 54. Kc7 Rc1 55. c6 Rc2 56. Kb7 Rb2+ 57. Kc8 Rc2 58. c7 Rc1
59. Rd4 Kf6 60. Kd8 1-0

[Event "4NCL-9899B GUI-WIT"]
[Site "Rd8-Birmingham"]
[Date "1999.03.21"]
[Round "8.4"]
[White "Dickinson, Tim"]
[Black "Connell, Blair"]
[Result "1/2-1/2"]
[WhiteElo "2157"]
[BlackElo "2265"]
[PlyCount "59"]
[EventDate "1999.03.21"]

1. e4 d5 2. exd5 Qxd5 3. Nf3 Nf6 4. Be2 Bg4 5. h3 Bh5 6. Nc3 Qa5 7. b4 Qb6 8.
O-O e6 9. b5 Nbd7 10. a4 Bb4 11. Ba3 Bxa3 12. Rxa3 Qd6 13. Nb1 O-O 14. Ng5 Bg6
15. Bd3 Bxd3 16. Rxd3 Qf4 17. Nf3 Qxa4 18. Nc3 Qb4 19. Rd4 Qc5 20. Qe2 Rfd8 21.
Ra4 Nb6 22. Ra2 Nbd5 23. Nxd5 exd5 24. Rfa1 Re8 25. Qf1 a6 26. d4 Qc3 27. Qb1
Rab8 28. bxa6 bxa6 29. Qd1 h6 30. Ra3 1/2-1/2

[Event "4NCL-9899B GUI-WIT"]
[Site "Rd8-Birmingham"]
[Date "1999.03.21"]
[Round "8.5"]
[White "Thompson, Ian"]
[Black "Rose, Matthew"]
[Result "1/2-1/2"]
[WhiteElo "2278"]
[BlackElo "2130"]
[PlyCount "135"]
[EventDate "1999.03.21"]

1. c4 Nf6 2. Nc3 g6 3. g3 Bg7 4. Bg2 d6 5. e4 O-O 6. Nge2 c5 7. O-O Nc6 8. d3
Ne8 9. Be3 Nd4 10. Rb1 a5 11. b3 Rb8 12. Qd2 Nc7 13. f4 b5 14. cxb5 Ncxb5 15.
Nxb5 Nxe2+ 16. Qxe2 Rxb5 17. d4 Ba6 18. dxc5 dxc5 19. Qf2 Rb4 20. Rfd1 Bd4 21.
Bxd4 Rxd4 22. Rxd4 cxd4 23. Rd1 d3 24. Bf1 Qd6 25. e5 Qd5 26. Bg2 Qe6 27. Be4
Rd8 28. Qe3 a4 29. bxa4 Qc4 30. Rd2 Rd4 31. Bf3 Qc1+ 32. Kf2 Rb4 33. f5 Rb2 34.
Rxb2 Qxb2+ 35. Ke1 Qxa2 36. e6 Qa1+ 37. Bd1 Qc3+ 38. Kf2 Bc4 39. exf7+ Bxf7 40.
fxg6 hxg6 41. h4 Qb2+ 42. Ke1 Qc3+ 43. Kf2 Qf6+ 44. Ke1 Bc4 45. Qf4 Qc3+ 46.
Kf2 e5 47. Qe3 Qb2+ 48. Ke1 Qg2 49. Bg4 e4 50. h5 Bb3 51. Bh3 Qxh3 52. Qb6
Qxg3+ 53. Kd2 Qf4+ 54. Kc3 Qc1+ 55. Kb4 Qc4+ 56. Ka3 Qxa4+ 57. Kb2 Qa2+ 58. Kc3
Qc2+ 59. Kb4 Qc4+ 60. Ka3 Qe6 61. Qd8+ Kf7 62. h6 Qe7+ 63. Qxe7+ Kxe7 64. h7 d2
65. h8=Q d1=Q 66. Qg7+ Bf7 67. Qe5+ Kd7 68. Qd4+ 1/2-1/2

[Event "4NCL-9899B GUI-WIT"]
[Site "Rd8-Birmingham"]
[Date "1999.03.21"]
[Round "8.6"]
[White "Hannon, Mark"]
[Black "Norman, Ken"]
[Result "1/2-1/2"]
[WhiteElo "2032"]
[BlackElo "2172"]
[PlyCount "39"]
[EventDate "1999.03.21"]

1. d4 Nf6 2. c4 g6 3. Nc3 d5 4. cxd5 Nxd5 5. e4 Nxc3 6. bxc3 c5 7. Nf3 Bg7 8.
Rb1 O-O 9. Qd2 Bg4 10. Rxb7 Bxf3 11. gxf3 cxd4 12. cxd4 Bxd4 13. Bh3 Nc6 14.
O-O e6 15. Qg5 Ne5 16. Qxd8 Rfxd8 17. Kg2 Rdb8 18. Rxb8+ Rxb8 19. Rd1 Nc6 20.
Rd2 1/2-1/2

[Event "4NCL-9899B GUI-WIT"]
[Site "Rd8-Birmingham"]
[Date "1999.03.21"]
[Round "8.7"]
[White "James, Russell"]
[Black "Jones, Nick"]
[Result "1-0"]
[WhiteElo "2155"]
[BlackElo "1960"]
[PlyCount "119"]
[EventDate "1999.03.21"]

1. e4 c5 2. Nf3 Nc6 3. Bb5 a6 4. Bxc6 bxc6 5. O-O d5 6. Qe1 e6 7. Nc3 d4 8. Na4
Nf6 9. d3 Be7 10. b3 Nd7 11. Bd2 O-O 12. Ba5 Qe8 13. e5 f5 14. c3 g5 15. cxd4
g4 16. Nd2 cxd4 17. f4 c5 18. Nc4 Bb7 19. Bc7 Qg6 20. Rc1 Rae8 21. Nd6 Bxd6 22.
Bxd6 Rf7 23. Nxc5 Nxc5 24. Rxc5 Bd5 25. Qh4 Rg7 26. Rfc1 h6 27. Rc7 h5 28.
Rxg7+ Kxg7 29. Rc7+ Kh6 30. Be7 Kh7 31. Bf6+ Kg8 32. Rg7+ Qxg7 33. Bxg7 Kxg7
34. Qf6+ Kg8 35. Qg6+ Kf8 36. Qxh5 Ke7 37. Qg5+ Kf8 38. Qh6+ Kf7 39. Qh7+ Kf8
40. Qh8+ Ke7 41. Qg7+ Kd8 42. Qa7 Re7 43. Qb8+ Kd7 44. Kf2 Re8 45. Qd6+ Kc8 46.
Qxa6+ Kc7 47. Qa7+ Kc8 48. a4 Rd8 49. Qxd4 Rd7 50. b4 Rc7 51. Qb2 Kb7 52. b5
Kb6 53. Qd2 Rc8 54. Ke3 Rh8 55. g3 Rh7 56. Qb4 Rd7 57. a5+ Kb7 58. Qc5 Kb8 59.
a6 Bf3 60. b6 1-0

[Event "4NCL-9899B GUI-WIT"]
[Site "Rd8-Birmingham"]
[Date "1999.03.21"]
[Round "8.8"]
[White "Headlong, Fenella"]
[Black "Ashby, Ann-Marie"]
[Result "1/2-1/2"]
[WhiteElo "1832"]
[BlackElo "2090"]
[PlyCount "37"]
[EventDate "1999.03.21"]

1. e4 e6 2. d4 d5 3. e5 c5 4. c3 Nc6 5. Nf3 Bd7 6. Be2 f6 7. O-O fxe5 8. dxe5
Qc7 9. Re1 O-O-O 10. Bg5 Be7 11. Bxe7 Ngxe7 12. Bb5 Rdf8 13. Na3 Rf5 14. Bd3
Rff8 15. Nb5 Qb6 16. Nd6+ Kb8 17. Qe2 Nc8 18. Nxc8 Bxc8 19. Rab1 1/2-1/2

[Event "4NCL-9899B IK2-SWD"]
[Site "Rd8-Birmingham"]
[Date "1999.03.21"]
[Round "8.1"]
[White "Reuben, Stewart"]
[Black "Dineley, Richard"]
[Result "0-1"]
[WhiteElo "2225"]
[BlackElo "2265"]
[PlyCount "112"]
[EventDate "1999.03.21"]

1. c4 c5 2. g3 Nc6 3. Bg2 g6 4. Nc3 Bg7 5. e3 Bxc3 6. bxc3 d6 7. Ne2 Qd7 8. Nf4
b6 9. d3 Bb7 10. e4 Nf6 11. Qe2 h6 12. h4 e6 13. Bh3 Qe7 14. O-O Kd8 15. Ng2
Kc7 16. Be3 Rag8 17. f4 Nd7 18. Qf2 g5 19. fxg5 hxg5 20. g4 gxh4 21. Qxf7 Qxf7
22. Rxf7 Nce5 23. Re7 Nxg4 24. Bf2 Nxf2 25. Kxf2 Rf8+ 26. Ke2 Re8 27. Rxe6 Rxe6
28. Bxe6 h3 29. Ne3 Ne5 30. Rh1 Bc8 31. Nd5+ Kd8 32. Bxc8 Kxc8 33. Nf4 h2 34.
Nd5 Rh3 35. Ne3 Ng6 36. d4 Nf4+ 37. Kf2 Ne6 38. Nf5 Kd7 39. d5 Ng5 40. Ng3 Rh4
41. Ke3 Kc7 42. a3 a5 43. Kf2 Nxe4+ 44. Nxe4 Rxe4 45. Rxh2 Rxc4 46. Rh3 Ra4 47.
Rh7+ Kc8 48. Ke2 Rxa3 49. Kd2 b5 50. Rh6 Kc7 51. Rh7+ Kb6 52. Rd7 c4 53. Rxd6+
Kc5 54. Rd8 b4 55. cxb4+ axb4 56. Rb8 Rd3+ 0-1

[Event "4NCL-9899B IK2-SWD"]
[Site "Rd8-Birmingham"]
[Date "1999.03.21"]
[Round "8.2"]
[White "Zeidler, Sven"]
[Black "Cooper, Andrew G"]
[Result "1-0"]
[WhiteElo "2222"]
[BlackElo "2156"]
[PlyCount "79"]
[EventDate "1999.03.21"]

1. e4 e6 2. d4 d5 3. exd5 exd5 4. Nf3 Bg4 5. h3 Bh5 6. Qe2+ Qe7 7. Be3 Nf6 8.
g4 Bg6 9. Ne5 Nbd7 10. Nxg6 hxg6 11. Nc3 Nb6 12. Bg2 O-O-O 13. O-O Qe6 14. Rfe1
Bd6 15. Bg5 Qd7 16. Qf3 Be7 17. a4 c6 18. a5 Nc4 19. b3 Nd6 20. Na4 Nde4 21.
Bf4 Bd6 22. c4 Bxf4 23. Qxf4 Qd6 24. Qxd6 Rxd6 25. cxd5 cxd5 26. Rac1+ Rc6 27.
Rxc6+ bxc6 28. f3 Nd6 29. Re7 Re8 30. Rxa7 Re1+ 31. Kf2 Rb1 32. Nc5 Nb5 33.
Rxf7 Rb2+ 34. Kg3 Nxd4 35. a6 Ne2+ 36. Kh2 Kb8 37. Rb7+ Kc8 38. a7 Ra2 39. Rb8+
Kc7 40. a8=Q 1-0

[Event "4NCL-9899B IK2-SWD"]
[Site "Rd8-Birmingham"]
[Date "1999.03.21"]
[Round "8.3"]
[White "Howell, Chris"]
[Black "Rayner, Francis"]
[Result "1/2-1/2"]
[WhiteElo "2158"]
[BlackElo "2213"]
[PlyCount "29"]
[EventDate "1999.03.21"]

1. e4 c5 2. c3 d6 3. d4 Nf6 4. Bd3 Nbd7 5. Be3 e5 6. d5 Be7 7. f3 Nh5 8. Ne2
Bg5 9. Qd2 h6 10. Na3 Bxe3 11. Qxe3 Qg5 12. Nc4 Ke7 13. Qxg5+ hxg5 14. a4 Nf8
15. Kf2 1/2-1/2

[Event "4NCL-9899B IK2-SWD"]
[Site "Rd8-Birmingham"]
[Date "1999.03.21"]
[Round "8.4"]
[White "James, David"]
[Black "Shephard, Martin"]
[Result "1-0"]
[WhiteElo "2229"]
[BlackElo "2136"]
[PlyCount "97"]
[EventDate "1999.03.21"]

1. d4 Nf6 2. c4 g6 3. Nc3 d5 4. cxd5 Nxd5 5. e4 Nxc3 6. bxc3 Bg7 7. Bb5+ Nd7 8.
Ne2 O-O 9. O-O c5 10. Be3 a6 11. Bd3 b5 12. f4 Nf6 13. h3 Bb7 14. d5 Qc7 15. a4
e6 16. axb5 axb5 17. Rxa8 Bxa8 18. dxe6 fxe6 19. Qb1 Rb8 20. Ng3 c4 21. Bc2 Bf8
22. Qe1 Bc5 23. Qf2 Nd7 24. Bxc5 Qxc5 25. Qxc5 Nxc5 26. Kf2 b4 27. cxb4 Rxb4
28. Rb1 Rxb1 29. Bxb1 Kf7 30. Ke3 e5 31. Ne2 Kf6 32. g3 Bb7 33. Nc3 Ne6 34. Ba2
exf4+ 35. gxf4 g5 36. e5+ Kg6 37. Bb1+ Kf7 38. f5 Nf4 39. Ne4 Bxe4 40. Bxe4
Nxh3 41. Bd5+ Ke8 42. Bxc4 Nf4 43. Ke4 Nh5 44. Kf3 h6 45. Kg4 Nf4 46. f6 Ng2
47. Kh5 Nf4+ 48. Kxh6 g4 49. Kg7 1-0

[Event "4NCL-9899B IK2-SWD"]
[Site "Rd8-Birmingham"]
[Date "1999.03.21"]
[Round "8.5"]
[White "Garner, David"]
[Black "Richmond, Peter"]
[Result "1-0"]
[WhiteElo "2092"]
[BlackElo "2190"]
[PlyCount "51"]
[EventDate "1999.03.21"]

1. e4 c5 2. c3 Nf6 3. e5 Nd5 4. Nf3 e6 5. d4 cxd4 6. cxd4 b6 7. Nc3 Nxc3 8.
bxc3 Qc7 9. Bd2 Bb7 10. Bd3 d6 11. O-O Nd7 12. Ng5 dxe5 13. f4 e4 14. Nxe4
O-O-O 15. Qe2 Nf6 16. a4 Nxe4 17. Bxe4 Bxe4 18. Qxe4 Qb7 19. Qe2 Rd5 20. a5
Rxa5 21. Rxa5 bxa5 22. f5 Qc6 23. fxe6 Qxe6 24. Qf3 Bd6 25. Qa8+ Bb8 26. Rb1
1-0

[Event "4NCL-9899B IK2-SWD"]
[Site "Rd8-Birmingham"]
[Date "1999.03.21"]
[Round "8.6"]
[White "Richmond, Jane"]
[Black "Noakes, Matthew"]
[Result "0-1"]
[WhiteElo "2175"]
[BlackElo "2016"]
[PlyCount "162"]
[EventDate "1999.03.21"]

1. e4 e5 2. Nc3 Nf6 3. g3 Bc5 4. Bg2 d6 5. d3 Nc6 6. Be3 Be6 7. Nd5 Bxd5 8.
exd5 Ne7 9. Qe2 Bxe3 10. fxe3 O-O 11. c4 Nd7 12. Nf3 h6 13. g4 f5 14. gxf5 Nxf5
15. O-O-O Nh4 16. Rhg1 Kh8 17. Nd2 Rf6 18. Ne4 Rg6 19. Bh3 Rxg1 20. Rxg1 Nf6
21. Qf2 Nxe4 22. dxe4 Qe7 23. Rg4 g5 24. Rg1 Rf8 25. Bf5 Nxf5 26. exf5 e4 27.
Rf1 Kg7 28. Qg3 Kf6 29. Qg4 Qe8 30. h4 Rg8 31. Kc2 h5 32. hxg5+ Rxg5 33. Qh4
Qe5 34. Rf4 c6 35. Rxe4 Qxf5 36. Kc3 Kg7 37. Re7+ Kh6 38. Re6+ Rg6 39. Rxg6+
Qxg6 40. Qf4+ Kg7 41. dxc6 bxc6 42. Kb3 c5 43. a3 Qf6 44. Qe4 h4 45. Ka4 Kh6
46. Qg4 Qg5 47. Qe6+ Qg6 48. Qe7 Kh5 49. Qd7 Qe4 50. Kb5 Qxe3 51. Qf5+ Qg5 52.
Qf3+ Kg6 53. Qe4+ Kf6 54. Qf3+ Qf5 55. Qc3+ Kf7 56. Qe3 h3 57. Qg3 Qe6 58. Qf4+
Qf6 59. Qd2 Qe5 60. Qf2+ Ke6 61. b3 h2 62. Qg2 Kf5 63. Ka6 Qf4 64. Kxa7 Qh4 65.
Qf3+ Kg5 66. Qd5+ Kg4 67. Qe4+ Kh3 68. Qf5+ Qg4 69. Qf1+ Qg2 70. Qf5+ Kg3 71.
Qg5+ Kf3 72. Qd5+ Kf2 73. Qd2+ Kg1 74. Qe1+ Qf1 75. Qg3+ Kh1 76. a4 d5 77. cxd5
c4 78. Kb8 Qd3 79. Qg5 cxb3 80. Qc1+ Kg2 81. Qg5+ Qg3+ 0-1